Inside the nudge unit how small changes can make a big difference
Salvato in:
| Autore principale: | |
|---|---|
| Natura: | Libro |
| Lingua: | inglese |
| Pubblicazione: |
London
WH Allen
2015
|
| Soggetti: | |
| Tags: |
Nessun Tag, puoi essere il primo ad aggiungerne!!
|
MARC
| LEADER | 00000nam a2200000 4500 | ||
|---|---|---|---|
| 001 | 0233368 | ||
| 005 | 20240312115741.9 | ||
| 020 | |a 978-0-75355-654-2 | ||
| 041 | 0 | |a eng | |
| 044 | |a GB | ||
| 245 | 1 | 0 | |a Inside the nudge unit |b how small changes can make a big difference |c David Halpern |
| 264 | 1 | |a London |b WH Allen |c 2015 | |
| 300 | |a 383 s. | ||
| 610 | 2 | 0 | |a psychológia |
| 610 | 2 | 0 | |a psychológia sociálna |
| 610 | 2 | 0 | |a sociológia psychologická |
| 610 | 2 | 0 | |a správanie sociálne |
| 610 | 2 | 0 | |a blahobyt |
| 100 | 1 | |a Halpern, David | |